Statistiques concernant Les Tueuses dans Buffy Contre les Vampires ( Serie )

Cliquez ici pour prendre le quiz!

Statistiques générales

  • Ce quiz a été pris 24 fois
  • Le résultat moyen est 3 sur 6

Statistiques - réponses

Réponse% Correct
Buffy Summers
100%
Faith Lehane
91%
Kendra Young
73%
Nikki Wood
27%
Sineya
9%
Xin Rong
9%

Distribution des résultats

Percentile par nombre de réponses

% des personnes avec chaque résultat

Votre développement - résultats

Vous n’avez pas pris ce quiz